| 000 | 00563nam a22001937a 4500 | ||
|---|---|---|---|
| 003 | KOHA_MİRAKIL | ||
| 005 | 20251003113053.0 | ||
| 008 | 251003b tu ||||| |||| 00| 0 tur d | ||
| 020 | _a9789750743214 | ||
| 040 |
_aTR-AnABB _btur _cTR-AnABB |
||
| 041 | _atur | ||
| 082 |
_a808.882 _bWIL 2022 |
||
| 100 | 1 | _aWilde, Oscar, | |
| 245 | 1 | 0 |
_aYalnız sıkıcı insanlar kahvaltıda parıldar/ _cOscar Wilde |
| 260 |
_aİstanbul : _bCan Sanat Yayınları, _c2022 |
||
| 300 |
_a60 sayfa ; _c20 cm |
||
| 650 | 0 | 4 | _aİngiliz edebiyatı, roman |
| 942 |
_2ddc _cBK |
||
| 999 |
_c9059 _d9059 |
||
| 900 | _bGizem YORULMAZ | ||